အမျိုးသားညီလာခံအစည်းအဝေး၌အမျိုးသားညီလာခံကျင်းပရေးလုပ်ငန်းကော်မတီ ဥက္ကဌ ဦးအောင်တိုး၏ ရှင်းလင်းပြောကြားချက် / (Record no. 27385)

000 -LEADER
fixed length control field 00935nam a22001697a 4500
005 - DATE AND TIME OF LATEST TRANSACTION
control field 20241001142032.0
008 - FIXED-LENGTH DATA ELEMENTS--GENERAL INFORMATION
fixed length control field 230721b ||||| |||| 00| 0 eng d
040 ## - CATALOGING SOURCE
Transcribing agency SSBUL
Modifying agency SSBUL
041 ## - LANGUAGE CODE
Language code of text/sound track or separate title Myanmar
082 ## - DEWEY DECIMAL CLASSIFICATION NUMBER
Edition number 23
Classification number ၀၆၀.၉၅၉၁ အ
Item number ၁၆၀၅၄ (S-SAT)
245 00 - TITLE STATEMENT
Title အမျိုးသားညီလာခံအစည်းအဝေး၌အမျိုးသားညီလာခံကျင်းပရေးလုပ်ငန်းကော်မတီ ဥက္ကဌ ဦးအောင်တိုး၏ ရှင်းလင်းပြောကြားချက် /
260 ## - PUBLICATION, DISTRIBUTION, ETC.
Place of publication, distribution, etc. [ရန်ကုန်] ၊
Name of publisher, distributor, etc. [ထုတ်ဝေသူမပါ]၊
Date of publication, distribution, etc. ၁၉၉၄။
300 ## - PHYSICAL DESCRIPTION
Extent ၉၁ စာမျက်နှာ၊
Dimensions ၂၁ စင်တီ။
500 ## - GENERAL NOTE
General note S-SAT: Dr Sai Aung Tun Collection.
650 ## - SUBJECT ADDED ENTRY--TOPICAL TERM
Topical term or geographic name entry element ညီလာခံ
Geographic subdivision မြန်မာနိုင်ငံ။
9 (RLIN) 27845
942 ## - ADDED ENTRY ELEMENTS (KOHA)
Source of classification or shelving scheme
Koha item type Book (Short term)
Holdings
Withdrawn status Lost status Source of classification or shelving scheme Damaged status Not for loan Collection code Permanent Location Current Location Shelving location Date acquired Total Checkouts Full call number Barcode Date last seen Price effective from Koha item type Accession
          Special Collections Shan State Buddhist University Library Shan State Buddhist University Library Special Collection Shelves 21/07/2023   ၀၆၀.၉၅၉၁ အ ၁၆၀၅၄ (S-SAT) MB00016054 21/07/2023 21/07/2023 Book (Short term) ၁၆၀၅၄ (S-SAT)

Library - 09407999929
Admin Office - 09407999979
Dean Office - 09250910768
Registrar Office - 09892297154
Email - [email protected]
Shan State Buddhist University, Phaya Phyu Taunggyi, Shan State, Myanmar.